Podiel ČSSR na medzinárodnej deľbe práce v rámci RVHP v oblasti strojárstva kandidátska dizertačná práca

Uložené v:
Podrobná bibliografia
Hlavný autor: Belková, Cecília
Korporativný autor: Vysoká škola ekonomická v Bratislave. Národohospodárska fakulta
Ďalší autori: Grohmann, Stanislav
Médium: Kniha
Jazyk:Slovak
Vydavateľské údaje: Bratislava 1988
Tagy: Pridať tag
Žiadne tagy, Buďte prvý, kto otaguje tento záznam!

MARC

LEADER 00000nam a2200000 4500
001 c026910
005 20221219092005.7
041 0 |a slo 
044 |a SK 
245 1 0 |a Podiel ČSSR na medzinárodnej deľbe práce v rámci RVHP v oblasti strojárstva  |b kandidátska dizertačná práca  |c Cecília Belková ; Ved. práce Stanislav Grohmann 
264 1 |a Bratislava  |c 1988 
300 |a 188 s. 
100 1 |a Belková, Cecília 
700 1 |a Grohmann, Stanislav 
710 2 |a Vysoká škola ekonomická v Bratislave. Národohospodárska fakulta